[Event "SM-gruppen"]
[Site "Skara"]
[Date "2002.07.05"]
[Round "6"]
[White "Vernersson, Per"]
[Black "Berg, Emanuel"]
[Result "1/2-1/2"]
[WhiteElo "2394"]
[BlackElo "2503"]
[Board "1"]
[WhiteCountry "SWE"]
[BlackCountry "SWE"]

1. c4 f5 2. Nc3 Nf6 3. g3 g6 4. Bg2 Bg7 5. e3 O-O 6. Nge2 d6 7. O-O Nc6 8.
Rb1 a5 9. d3 e5 10. a3 Ne7 11. e4 c6 12. h3 Be6 13. Kh2 Qd7 14. exf5 Nxf5 
15. b4 axb4 16. axb4 d5 17. b5 dxc4 18. bxc6 bxc6 19. dxc4 Nd4 20. c5 Bc4 
21. Rb4 Qf7 22. Re1 Bb3 23. Rxb3 Nxb3 24. Bxc6 Rac8 25. Bg2 Nxc1 26. Qxc1 
Rxc5 27. Qe3 Rfc8 28. Rb1 Kh8 29. Bb7 R8c7 30. Bf3 Bf8 31. Rb8 Kg7 32. Nb5
Rd7 33. Nec3 Be7 34. Kg2 Qc4 35. Be2 Qe6 36. Bf3 Qc4 37. Be2 Qb3 38. h4 h6
39. Ra8 Qe6 40. Ra1 Qc6+ 41. Bf3 e4 42. Be2 Rf5 43. Nd4 Rxd4 44. Qxd4 Bc5 
45. Ra7+ Bxa7 46. Qxa7+ Kh8 47. Qd4 Qc5 48. Nb5 Qe7 49. Nc3 Kh7 50. Nd1 Rd5
51. Qc3 Rc5 52. Qd2 Rd5 53. Qc3 Rc5 54. Qd2 Nd5 55. Ne3 Nxe3+ 56. Qxe3 Qe5
57. f3 exf3+ 58. Qxf3 Kg7 59. Bd3 Qb2+ 60. Kh3 Qe5 61. Qb7+ Qc7 62. Qxc7+ 
Rxc7 63. Kg4 Kf6 64. Kf4 Rc3 65. Be4 Rc4 66. Ke3 Rb4 67. Kf4 Rc4 68. Ke3 
Rc3+ 69. Kf2 Rb3 70. Kg2 Rb6 71. Kf2 Ke5 72. Bf3 Kd4 73. Ba8 Kd3 74. Bd5 
Rf6+ 75. Kg2 Ke3 76. Bb7 Rd6 77. Ba8 Rd4 78. Bb7 Rd2+ 79. Kg1 Kd4 80. Bf3 
Ke5 81. Kf1 Kf5 82. Kg1 g5 83. hxg5 Kxg5 84. Kf1 Kf5 85. Kg1 Ke5 86. Kf1 
Kd4 87. Kg1 Ke3 88. Bc6 Rf2 89. Ba8 Ke2 90. Be4 Ke1 91. Bc6 Ke2 92. Ba8 h5
93. Bb7 Rf7 94. Bc6 Rg7 95. Kh2 Kf2 96. Kh3 Rxg3+ 97. Kh4 Rg4+ 98. Kxh5 Kg3
99. Kh6 Kf4 100. Ba4 Ke5 101. Bb3 Kf6 102. Kh7 Rh4+ 103. Kg8 Rb4 104. Bc2 
Rb7 105. Bd3 Rg7+ 106. Kh8 Rg3 107. Be4 Kf7 108. Bd5+ Kg6 109. Kg8 Rg5 110.
Bc4 Kf6+ 111. Kh7 Rg7+ 112. Kh8 Kg6 113. Bb3 Kh6 114. Bc4 Rc7 115. Bb3 Kg6
116. Bd5 Rc8+ 117. Bg8 Rc5 118. Bh7+ Kf7 119. Be4 Rh5+ 120. Bh7 Kf8 1/2-1/2

[Event "SM-gruppen"]
[Site "Skara"]
[Date "2002.07.05"]
[Round "6"]
[White "Eriksson, Jonas"]
[Black "Åkesson, Ralf"]
[Result "0-1"]
[WhiteElo "2280"]
[BlackElo "2451"]
[Board "2"]
[WhiteCountry "SWE"]
[BlackCountry "SWE"]

1. d4 Nf6 2. c4 e6 3. Nf3 d5 4. cxd5 exd5 5. Nc3 c6 6. Bg5 Be7 7. Qc2 g6 8.
e3 Bf5 9. Bd3 Bxd3 10. Qxd3 Nbd7 11. O-O O-O 12. Nd2 Nh5 13. Bxe7 Qxe7 14.
b4 b5 15. a4 a6 16. Rab1 Nb6 17. a5 Nc4 18. Nxc4 bxc4 19. Qd2 f5 20. Rfe1 
Nf6 21. f3 Rfe8 22. Na4 Ra7 23. Nc5 Qd8 24. Qc3 Kg7 25. Rb2 Qc8 26. Rbe2 
Rae7 27. Qb2 h5 28. h4 Kh7 29. Kf2 Nd7 30. Na4 Qc7 31. g3 Rb8 32. Qd2 Qd6 
33. Rb1 Ree8 34. Ree1 Qe7 35. Rh1 Rb7 36. Nc5 Nxc5 37. bxc5 Rb5 38. Rxb5 
axb5 39. a6 b4 40. Qc1 0-1

[Event "SM-gruppen"]
[Site "Skara"]
[Date "2002.07.05"]
[Round "6"]
[White "Eriksson, Johan"]
[Black "Agrest, Evgenij"]
[Result "0-1"]
[WhiteElo "2426"]
[BlackElo "2584"]
[Board "3"]
[WhiteCountry "SWE"]
[BlackCountry "SWE"]

1. d4 e6 2. c4 Nf6 3. Nc3 Bb4 4. Qc2 d6 5. Bg5 Nbd7 6. e3 c5 7. Bd3 Qa5 8.
Nf3 Bxc3+ 9. bxc3 cxd4 10. exd4 Qc7 11. O-O b6 12. Rfe1 O-O 13. Bf4 Bb7 14.
Qe2 Rfe8 15. Rad1 Rad8 16. Bg5 Rc8 17. Bf4 e5 18. dxe5 Bxf3 19. Qxf3 Nxe5 
20. Qh3 Nxd3 21. Rxe8+ Nxe8 22. Qxd3 Qxc4 23. Qxc4 Rxc4 24. Bxd6 Rxc3 25. 
Bb8 a6 26. g3 Rc8 27. Bf4 b5 28. Rd7 h6 29. h4 Rc6 30. Kg2 h5 31. Rd8 Re6 
32. Rb8 Kh7 33. a4 bxa4 34. Rb4 Nf6 35. Rxa4 Kg6 36. Ra5 Ne4 37. Be3 f6 38.
Kf3 Nc3 39. Rc5 Nb5 40. Kf4 Rd6 41. g4 hxg4 42. Kxg4 Kf7 43. Rc8 Rd1 44. 
Rb8 Rg1+ 45. Kf4 Kg6 46. Ra8 Ra1 47. Kg4 Rg1+ 48. Kf3 Ra1 49. Kg4 Ra4+ 50.
Kh3 Nd6 51. Bc5 Nf5 52. Rh8 Rc4 53. Bb6 Rc6 54. Ba5 Rc2 55. Bb6 Rb2 56. Bc5
Rb5 57. Rc8 Rb3+ 58. Kg4 Nh6+ 59. Kf4 Rh3 60. Ra8 Rxh4+ 61. Kf3 Ra4 62. Ra7
Nf7 63. Kg2 Ng5 64. Bf8 Ne6 65. Bd6 Kf5 66. Bg3 g5 0-1

[Event "SM-gruppen"]
[Site "Skara"]
[Date "2002.07.05"]
[Round "6"]
[White "Wedberg, Tom"]
[Black "Barkhagen, Jonas"]
[Result "1/2-1/2"]
[WhiteElo "2540"]
[BlackElo "2455"]
[Board "4"]
[WhiteCountry "SWE"]
[BlackCountry "SWE"]

1. e4 e5 2. Nf3 Nc6 3. Bb5 a6 4. Ba4 Nf6 5. O-O Be7 6. Re1 b5 7. Bb3 d6 8.
c3 O-O 9. h3 Nd7 10. d4 Bf6 11. a4 Bb7 12. d5 Ne7 13. axb5 axb5 14. Rxa8 
Qxa8 15. Na3 Ba6 16. Nh2 Ng6 17. Ng4 Be7 18. Ne3 Rb8 19. Bd2 Nc5 20. Bc2 
Bc8 21. Qa1 Bd7 22. b4 Na6 23. Qa2 c6 24. c4 Nc7 25. Bb3 cxd5 26. cxb5 Nf4
27. Nxd5 Nfxd5 28. exd5 Nxb5 29. Nxb5 Qxa2 30. Bxa2 Bxb5 31. Rc1 Kf8 32. f4
exf4 33. Bxf4 Ke8 34. Kf2 Kd7 35. Kf3 g6 36. g4 Ra8 37. Bc4 Ra3+ 38. Ke4 
Bxc4 39. Rxc4 Rxh3 40. Rc6 Rb3 41. Rb6 Kc7 42. Rc6+ Kd7 43. Rb6 Bd8 44. 
Rxd6+ Ke7 45. Ra6 Rxb4+ 46. Kf3 Bb6 47. Ra8 Rb3+ 1/2-1/2

[Event "SM-gruppen"]
[Site "Skara"]
[Date "2002.07.05"]
[Round "6"]
[White "Cicak, Slavko"]
[Black "Hector, Jonny"]
[Result "0-1"]
[WhiteElo "2537"]
[BlackElo "2513"]
[Board "5"]
[WhiteCountry "SWE"]
[BlackCountry "SWE"]

1. c4 Nf6 2. Nc3 e5 3. Nf3 Nc6 4. a3 g6 5. g3 Bg7 6. Bg2 d5 7. cxd5 Nxd5 8.
O-O Be6 9. d3 h6 10. Bd2 O-O 11. Ne4 a5 12. Rc1 Nde7 13. Nc5 Bc8 14. b4 b6
15. Ne1 axb4 16. axb4 bxc5 17. b5 Nd4 18. Bxa8 Be6 19. Ra1 Bb3 20. Qb1 
Nxe2+ 21. Kh1 Bd5+ 22. Bxd5 Qxd5+ 23. f3 Qd7 24. Rf2 Qh3 25. g4 e4 26. Ra4
e3 27. Bxe3 Nd5 28. Bxc5 Ndc3 29. Qc2 Nxa4 30. Qxa4 Re8 31. Nc2 Nc3 32. Qf4
Be5 33. Qc1 Bxh2 34. Qf1 Qxf1+ 35. Rxf1 Bf4 36. Nd4 Re5 37. b6 Rxc5 38. b7
c6 39. Ra1 Kg7 40. Ra7 Kf6 41. Ra6 Kg5 42. Rxc6 Rd5 43. Rc4 Rd7 44. Rb4 Kh4
45. Kg2 Nd5 0-1

[Event "SM-gruppen"]
[Site "Skara"]
[Date "2002.07.05"]
[Round "6"]
[White "Ahlander, Björn"]
[Black "Brynell, Stellan"]
[Result "0-1"]
[WhiteElo "2419"]
[BlackElo "2506"]
[Board "6"]
[WhiteCountry "SWE"]
[BlackCountry "SWE"]

1. d4 d5 2. Nf3 Nf6 3. c4 dxc4 4. Qa4+ Nc6 5. Qxc4 e5 6. dxe5 Be6 7. Qa4 
Nd7 8. Nc3 Nc5 9. Qd1 Qxd1+ 10. Kxd1 O-O-O+ 11. Bd2 g6 12. g3 Bh6 13. Ke1 
Bxd2+ 14. Nxd2 Nxe5 15. Bg2 Rhe8 16. Nde4 Nxe4 17. Bxe4 f5 18. Bc2 Nc4 19.
b3 Na3 20. Rc1 Rd6 21. h4 Bd5 22. Nxd5 Rxd5 23. Bd1 Red8 24. h5 0-1

[Event "SM-gruppen"]
[Site "Skara"]
[Date "2002.07.05"]
[Round "6"]
[White "Ernst, Thomas"]
[Black "Hillarp Persson, Tiger"]
[Result "1/2-1/2"]
[WhiteElo "2471"]
[BlackElo "2460"]
[Board "7"]
[WhiteCountry "SWE"]
[BlackCountry "SWE"]

1. e4 g6 2. d4 Bg7 3. c3 d6 4. Bc4 Nf6 5. Qe2 O-O 6. Nf3 Nc6 7. O-O Bg4 8.
h3 Bxf3 9. Qxf3 e5 10. Be3 Nd7 11. Rd1 Kh8 12. Na3 f5 13. exf5 Rxf5 14. Qe2
exd4 15. cxd4 Qe7 16. Nb5 Nb6 17. Bd3 Rff8 18. Nc3 d5 19. Rac1 Qf7 20. Qg4
Rae8 21. Kh1 Nd8 22. Ne2 Ne6 23. Ng1 Nc8 24. Nf3 Ne7 25. Ne5 Bxe5 26. dxe5
Nf5 27. Bd2 c5 28. b3 a6 29. Re1 b5 30. Bb1 Rc8 31. Bg5 Nxg5 32. Qxg5 Qe6 
33. Qd2 Ne7 34. Rc3 d4 35. Rg3 Rcd8 36. h4 c4 37. Be4 Nf5 38. Rh3 Ng7 39. 
Qh6 Nh5 40. Rf3 Rxf3 41. Bxf3 Ng7 42. Qg5 Rf8 43. bxc4 bxc4 44. Qd2 d3 45.
Re4 Rc8 46. Qc3 h5 47. Rd4 Nf5 48. Bd5 Qxe5 49. Rxd3 Qxc3 50. Rxc3 Nd6 51.
Kg1 Rc5 52. Ba8 Nb5 53. Rc1 c3 54. f3 c2 55. Be4 Nc3 56. Kf2 Nxe4+ 57. fxe4
Rc3 58. Ke2 Kg7 59. Kd2 Rg3 60. Kxc2 Rxg2+ 61. Kd3 Rxa2 62. Rc7+ Kf6 63. 
Rc6+ Kf7 1/2-1/2

[Event "SM-gruppen"]
[Site "Skara"]
[Date "2002.07.07"]
[Round "7"]
[White "Agrest, Evgenij"]
[Black "Ernst, Thomas"]
[Result "1/2-1/2"]
[WhiteElo "2584"]
[BlackElo "2471"]
[Board "1"]
[WhiteCountry "SWE"]
[BlackCountry "SWE"]

1. c4 c5 2. Nf3 Nc6 3. d4 cxd4 4. Nxd4 Nf6 5. Nc3 e6 6. g3 Qb6 7. Ndb5 Ne5
8. Bg2 a6 9. Qa4 Rb8 10. Be3 Bc5 11. Bxc5 Qxc5 12. Qa3 Qxa3 13. Nxa3 g5 14.
h3 Ke7 15. Rd1 b6 16. e3 Bb7 17. Bxb7 Rxb7 18. f4 gxf4 19. exf4 Nc6 20. Kf2
Rc8 21. g4 Na5 22. Rd4 Nc6 23. Rd3 Nb4 24. Rd2 d5 25. g5 Nh5 26. cxd5 Nxf4
27. dxe6 fxe6 28. Kg3 Nfd5 29. Nab1 Rd7 30. a3 Nxc3 31. Rxd7+ Kxd7 32. Nxc3
Nd5 33. Rd1 Kd6 34. h4 Rf8 35. Rd2 Rf1 36. Nxd5 exd5 37. Kg4 a5 38. h5 Rg1+
39. Kf4 Rf1+ 40. Kg4 Rg1+ 41. Kf4 Rf1+ 42. Kg4 1/2-1/2

[Event "SM-gruppen"]
[Site "Skara"]
[Date "2002.07.07"]
[Round "7"]
[White "Berg, Emanuel"]
[Black "Eriksson, Jonas"]
[Result "1/2-1/2"]
[WhiteElo "2503"]
[BlackElo "2280"]
[Board "3"]
[WhiteCountry "SWE"]
[BlackCountry "SWE"]

1. e4 Nf6 2. e5 Nd5 3. c4 Nb6 4. d4 d6 5. exd6 exd6 6. Nc3 Be7 7. Be3 O-O 
8. Qf3 Nc6 9. O-O-O f5 10. g3 Be6 11. b3 Qc8 12. Nge2 a5 13. a4 Bf6 14. Nf4
Bf7 15. h4 Nb4 16. Bh3 c5 17. Nfe2 cxd4 18. Bxf5 Be6 19. Bxe6+ Qxe6 20. 
Rxd4 Bxd4 21. Nxd4 Qg6 22. Qe4 Nd3+ 23. Kd2 Nxf2 24. Qxg6 hxg6 25. Rc1 Rae8
26. Ndb5 Nc8 27. Nc7 Ne4+ 28. Nxe4 Rxe4 29. Kd3 Re7 30. Nd5 Rd7 31. Bf4 Ne7
32. Nxe7+ Rxe7 33. Kd4 Rf5 34. Rc3 Re1 35. Rd3 Re6 36. Kc3 Rff6 37. Rd5 Rf5
38. Rd3 Rff6 39. Rd5 Rf5 40. Rd3 Rff6 1/2-1/2

[Event "SM-gruppen"]
[Site "Skara"]
[Date "2002.07.07"]
[Round "7"]
[White "Brynell, Stellan"]
[Black "Vernersson, Per"]
[Result "1-0"]
[WhiteElo "2506"]
[BlackElo "2394"]
[Board "4"]
[WhiteCountry "SWE"]
[BlackCountry "SWE"]

1. e4 c6 2. c4 d5 3. exd5 cxd5 4. cxd5 Qxd5 5. Nc3 Qd8 6. d4 Nf6 7. Nf3 e6
8. Bc4 Bb4 9. O-O O-O 10. Bg5 Nbd7 11. Rc1 Nb6 12. Bb3 Be7 13. Qd3 Bd7 14.
Ne5 Rc8 15. Rfe1 Bc6 16. Bc2 g6 17. Qh3 Nh5 18. Bh6 Bg5 19. Bxf8 Bxc1 20. 
Rxc1 Qg5 21. Rd1 Kxf8 22. Ne4 Bxe4 23. Bxe4 Nd5 24. Bxd5 Rc1 25. Bb3 Qd2 
26. Qd3 Qxb2 27. g3 Nf6 28. Rxc1 Qxc1+ 29. Kg2 Kg7 30. Qb5 Qc7 31. Qc5 Qxc5
32. dxc5 1-0

[Event "SM-gruppen"]
[Site "Skara"]
[Date "2002.07.07"]
[Round "7"]
[White "Hector, Jonny"]
[Black "Ahlander, Björn"]
[Result "1-0"]
[WhiteElo "2513"]
[BlackElo "2419"]
[Board "5"]
[WhiteCountry "SWE"]
[BlackCountry "SWE"]

1. e4 c5 2. Nf3 Nc6 3. Nc3 e5 4. Bc4 d6 5. d3 Be7 6. Nd2 Nf6 7. Nf1 Bg4 8.
Qd2 a6 9. a3 b5 10. Ba2 b4 11. axb4 Nxb4 12. Bc4 Be6 13. Ne3 O-O 14. O-O h6
15. f4 exf4 16. Rxf4 Nd7 17. Ncd5 Bg5 18. Rf1 Bxd5 19. exd5 Nf6 20. Qd1 
Bxe3+ 21. Bxe3 Nfxd5 22. Bd2 Ne7 23. d4 Nbc6 24. dxc5 dxc5 25. Be3 Qb6 26.
Qh5 Qxb2 27. Bxf7+ Kh7 28. Rae1 Qc3 29. Qxc5 Qe5 30. Qc4 Rac8 31. Bc5 Qb8 
32. Bxe7 Nxe7 33. Qd3+ Kh8 34. Rxe7 Qb4 35. Rd7 Qc5+ 36. Kh1 Qxc2 37. Qxc2
Rxc2 38. h4 a5 39. Ra7 Rc5 40. Rf3 Re5 41. Bg6 Rd8 42. Rff7 Rg8 43. Rfc7 
Rb5 44. Kh2 Rb4 45. Kh3 Rb5 46. g3 Re5 47. Bc2 Rb5 48. Bd3 Re5 49. Bc4 1-0

[Event "SM-gruppen"]
[Site "Skara"]
[Date "2002.07.07"]
[Round "7"]
[White "Barkhagen, Jonas"]
[Black "Cicak, Slavko"]
[Result "1/2-1/2"]
[WhiteElo "2455"]
[BlackElo "2537"]
[Board "6"]
[WhiteCountry "SWE"]
[BlackCountry "SWE"]

1. d4 Nf6 2. c4 c5 3. d5 a6 4. a4 e6 5. Nc3 Bd6 6. g3 Be5 7. Qc2 exd5 8. 
cxd5 O-O 9. Bg2 Re8 10. e3 b5 11. Nf3 Bxc3+ 12. Qxc3 d6 13. axb5 Bb7 14. 
bxa6 Nxa6 15. O-O Nb4 16. Rxa8 Qxa8 17. Nh4 Nbxd5 18. Qb3 Nb4 19. Bxb7 Qxb7
20. Bd2 Rb8 21. Rd1 Qc8 22. Bc3 c4 23. Qa3 Nfd5 24. e4 Ra8 25. Bxb4 Rxa3 
26. Bxa3 Nf6 27. Nf5 Qa8 28. Nxd6 c3 29. Rc1 Nxe4 30. Nxe4 Qxe4 31. Rxc3 h5
32. h4 f6 33. Re3 Qd5 34. Bb4 g5 35. hxg5 fxg5 36. Bc3 Kf7 37. Re5 Qd1+ 38.
Kg2 Kg6 39. Re6+ Kf7 40. Re5 Qd8 41. Re3 Qd5+ 42. Kh2 Qc4 43. Kg2 Kg6 44. 
Re5 Qc6+ 45. Kh2 Qf3 46. Re6+ Kh7 47. Re7+ Kg6 48. Re6+ Kh7 49. Re7+ Kg8 
50. Rg7+ Kf8 51. Rxg5 Qxf2+ 52. Kh3 Qf1+ 53. Kh2 Kf7 54. Re5 Qf3 55. Ra5 
Qe2+ 56. Kh3 Kg6 57. Re5 Qf1+ 58. Kh2 Qf2+ 1/2-1/2

[Event "SM-gruppen"]
[Site "Skara"]
[Date "2002.07.07"]
[Round "7"]
[White "Hillarp Persson, Tiger"]
[Black "Wedberg, Tom"]
[Result "1/2-1/2"]
[WhiteElo "2460"]
[BlackElo "2540"]
[Board "7"]
[WhiteCountry "SWE"]
[BlackCountry "SWE"]

1. d4 Nf6 2. c4 e6 3. Nc3 Bb4 4. Qc2 O-O 5. a3 Bxc3+ 6. Qxc3 b6 7. Bg5 h6 
8. Bh4 Bb7 9. Nf3 Re8 10. e3 d6 11. Nd2 e5 12. d5 c6 13. dxc6 Nxc6 14. Be2
Rc8 15. Qd3 g5 16. Bg3 d5 17. cxd5 Nxd5 18. Qf5 Nf4 19. Bxf4 exf4 20. Bd3 
Kf8 21. O-O Ne5 22. Be4 Qxd2 23. Bxb7 Rc7 24. Qh7 Qd6 25. exf4 gxf4 26. 
Rad1 Qf6 27. Bd5 f3 28. gxf3 Rc5 29. b4 Rc3 30. Kh1 Rxf3 31. Rg1 Rxf2 32. 
Rde1 Rxh2+ 33. Kxh2 Qh4+ 34. Kg2 Qg4+ 35. Kh2 1/2-1/2

[Event "SM-gruppen"]
[Site "Skara"]
[Date "2002.07.08"]
[Round "8"]
[White "Vernersson, Per"]
[Black "Hector, Jonny"]
[Result "1/2-1/2"]
[WhiteElo "2394"]
[BlackElo "2513"]
[Board "1"]
[WhiteCountry "SWE"]
[BlackCountry "SWE"]

1. c4 e5 2. Nc3 Nf6 3. Nf3 Nc6 4. d3 d5 5. cxd5 Nxd5 6. e3 f5 7. Be2 Nf6 8.
O-O Bd6 9. a3 O-O 10. b4 a6 11. b5 axb5 12. Nxb5 Kh8 13. Nxd6 cxd6 14. Bb2
Be6 15. Qc2 Na5 16. Bc3 Nd5 17. Bd2 Qe7 18. Qb2 Nc6 19. Rfb1 Rf7 20. e4 
fxe4 21. Ng5 Nd4 22. Nxf7+ Qxf7 23. Bf1 Rf8 24. Be3 Nxe3 25. fxe3 Nb3 26. 
dxe4 Qg6 27. Bd3 Qg5 28. Re1 Nxa1 29. Qxa1 d5 30. Qb2 dxe4 31. Qb4 Rf7 32.
Qxe4 g6 33. Rf1 Rf5 34. Rxf5 Qxf5 35. Qb4 Qg5 36. Qf8+ Bg8 37. Kf2 h5 38. 
g3 Kh7 39. Be4 b6 40. h4 Qh6 41. Qe7+ Qg7 42. Qg5 Qf8+ 43. Kg2 Qd6 44. 
Qxh5+ Kg7 45. Qg5 Bc4 46. Kh2 Kf7 47. h5 gxh5 48. Qxh5+ Ke7 49. Qg5+ Kd7 
50. Qg7+ Kd8 51. Kh3 Be6+ 52. Kh4 Qxa3 53. Qh8+ Ke7 54. Qg7+ Kd8 55. Qxe5 
Qe7+ 56. Qg5 b5 57. g4 b4 58. Kh5 Qxg5+ 59. Kxg5 Ke7 60. Kf4 Bb3 61. Ke5 
Bd1 62. g5 b3 63. Kd4 Bc2 64. Bd3 Kf7 65. Kc3 Bxd3 66. Kxd3 Kg6 67. Kc3 
Kxg5 68. Kxb3 1/2-1/2

[Event "SM-gruppen"]
[Site "Skara"]
[Date "2002.07.08"]
[Round "8"]
[White "Eriksson, Jonas"]
[Black "Brynell, Stellan"]
[Result "0-1"]
[WhiteElo "2280"]
[BlackElo "2506"]
[Board "2"]
[WhiteCountry "SWE"]
[BlackCountry "SWE"]

1. d4 e6 2. c4 Nf6 3. Nf3 b6 4. a3 Bb7 5. Nc3 Ne4 6. Qc2 f5 7. d5 Nxc3 8. 
Qxc3 Qf6 9. Qc2 Bd6 10. Bg5 Qg6 11. O-O-O a5 12. h4 h6 13. h5 Qf7 14. Bd2 
Na6 15. Nd4 O-O 16. g3 Nc5 17. Bh3 Be5 18. Nf3 Bf6 19. g4 fxg4 20. Bxg4 
exd5 21. Bf5 dxc4 22. Bh7+ Kh8 23. Bg6 Qe6 24. Be3 Nb3+ 25. Kb1 d5 26. Bf5
Qe7 27. Rhg1 Rad8 28. Rg6 Rf7 29. Bxh6 gxh6 30. Rxh6+ Kg8 31. Rg1+ Kf8 32.
Rhg6 Rg7 33. Rxg7 Bxg7 34. Ng5 Nd4 35. Nh7+ Kg8 36. Qc3 Nxf5 37. h6 Nxh6 
38. Nf6+ Kh8 39. Rg6 d4 40. Qh3 Be4+ 0-1

[Event "SM-gruppen"]
[Site "Skara"]
[Date "2002.07.08"]
[Round "8"]
[White "Eriksson, Johan"]
[Black "Berg, Emanuel"]
[Result "0-1"]
[WhiteElo "2426"]
[BlackElo "2514"]
[Board "3"]
[WhiteCountry "SWE"]
[BlackCountry "SWE"]

1. d4 e6 2. c4 Nf6 3. Nc3 Bb4 4. Bg5 h6 5. Bh4 O-O 6. e3 c5 7. Bd3 cxd4 8.
exd4 d5 9. Ne2 dxc4 10. Bxc4 b6 11. O-O Bb7 12. Bb3 Be7 13. Qd3 Nc6 14. a3
Ne5 15. Qh3 Ng6 16. Bxf6 Bxf6 17. Rad1 Qc7 18. d5 exd5 19. Nxd5 Bxd5 20. 
Bxd5 Rae8 21. Qg4 Ne7 22. Bf3 Bxb2 23. Rd7 Qc5 24. Rxa7 Bxa3 25. Rb1 Nc8 
26. Rb7 Qc2 27. Rf1 Bc5 28. h4 Nd6 29. Rd7 Qb2 30. g3 Re5 31. Nf4 Re1 32. 
Nh3 Rxf1+ 33. Kxf1 Qb5+ 34. Be2 h5 35. Qxg7+ Kxg7 36. Bxb5 Nxb5 37. Nf4 Bd6
38. Ne6+ Kg8 39. Nxf8 Kxf8 40. Rd8+ Kg7 41. Ke2 Bc5 42. Rc8 Nd6 43. Rd8 Ne4
44. Kf3 Nxf2 45. Kf4 Ng4 46. Rd5 Be3+ 47. Kf3 Kg6 48. Rd8 Kg7 49. Rb8 Bc5 
50. Rb7 Kg6 51. Kf4 Ne3 52. Kf3 Nf5 53. Rb8 Kg7 54. Rd8 Be7 55. Rd7 Kg6 56.
Rb7 Bc5 57. Rb8 Kh7 58. Rd8 Kg7 59. Rd7 Kf6 60. Rb7 Kg7 61. Rd7 Nd4+ 62. 
Ke4 Ne6 63. Rb7 Bd6 64. Kf3 Nd4+ 65. Ke4 Ne2 66. Rxb6 Nxg3+ 67. Kf3 Be5 68.
Ra6 f6 69. Ra7+ Kg6 70. Ra8 Nf5 71. Rg8+ Kh7 72. Rg1 Nxh4+ 73. Ke4 Kh6 74.
Kd5 Nf3 75. Rg8 Kh7 76. Rg2 h4 77. Ke6 h3 78. Rg4 h2 0-1

[Event "SM-gruppen"]
[Site "Skara"]
[Date "2002.07.08"]
[Round "8"]
[White "Agrest, Evgenij"]
[Black "Åkesson, Ralf"]
[Result "1-0"]
[WhiteElo "2584"]
[BlackElo "2451"]
[Board "4"]
[WhiteCountry "SWE"]
[BlackCountry "SWE"]

1. d4 Nf6 2. c4 e6 3. Nc3 Bb4 4. Bg5 h6 5. Bh4 c5 6. d5 Bxc3+ 7. bxc3 d6 8.
e3 e5 9. Nf3 Qe7 10. Qc2 g5 11. Bg3 Nh5 12. Nd2 Nd7 13. h3 Nxg3 14. fxg3 
Nf6 15. Bd3 g4 16. Bf5 gxh3 17. gxh3 Rg8 18. Bxc8 Rxc8 19. Qf5 Rc7 20. Rf1
Rg6 21. g4 Qd7 22. Ke2 Qxf5 23. Rxf5 Kf8 24. Raf1 Kg7 25. Kd3 Re7 26. e4 
Nh7 27. Nf3 Ng5 28. Ng1 Rd7 29. Ke3 Nh7 30. Ne2 Ng5 31. Rh1 Nh7 32. Ng3 f6
33. Rhf1 Kg8 34. Rh5 Nf8 35. Nf5 Kh7 36. Nh4 Kg7 37. Rhf5 Rf7 38. R5f2 Kh7
39. Rf3 b6 40. R3f2 a6 41. a4 1-0

[Event "SM-gruppen"]
[Site "Skara"]
[Date "2002.07.08"]
[Round "8"]
[White "Cicak, Slavko"]
[Black "Hillarp Persson, Tiger"]
[Result "1/2-1/2"]
[WhiteElo "2537"]
[BlackElo "2460"]
[Board "5"]
[WhiteCountry "SWE"]
[BlackCountry "SWE"]

1. e4 e6 2. Qe2 c5 3. Nf3 Nc6 4. b3 d6 5. Bb2 e5 6. g3 g6 7. Bg2 Bg7 8. O-O
Nge7 9. c3 O-O 10. Na3 f5 11. Qc4+ Kh8 12. Ng5 fxe4 13. Ne6 Na5 14. Nxd8 
Nxc4 15. bxc4 Rxd8 16. Bxe4 Be6 17. Rfe1 Rab8 18. d3 a6 19. Bc1 d5 20. Bg2
Rd7 21. Bg5 Nc6 22. Rab1 b6 23. Be3 Rdd8 24. Re2 Bf5 25. cxd5 Ne7 26. d6 
Rxd6 27. Bxc5 Rxd3 28. Bxe7 Rd7 29. Be4 Rxe7 30. Bxf5 gxf5 31. Nc4 Re6 32.
Ne3 Rf8 33. c4 e4 34. Nd5 Bd4 35. Rd1 Bc5 36. Nc7 Rc6 37. Nxa6 Bd6 38. Red2
Rf6 39. Rd5 Kg7 40. a4 Kf7 41. Rb5 f4 42. Nb4 Rxc4 43. Nd5 Rg6 44. Rxb6 e3
45. Kf1 Rc2 46. Nxe3 fxe3 47. Rdxd6 Rxf2+ 48. Ke1 Rxd6 1/2-1/2

[Event "SM-gruppen"]
[Site "Skara"]
[Date "2002.07.08"]
[Round "8"]
[White "Ahlander, Björn"]
[Black "Barkhagen, Jonas"]
[Result "1/2-1/2"]
[WhiteElo "2419"]
[BlackElo "2455"]
[Board "6"]
[WhiteCountry "SWE"]
[BlackCountry "SWE"]

1. d4 Nf6 2. c4 e6 3. Nc3 Bb4 4. e3 c5 5. Bd3 O-O 6. Nf3 d5 7. O-O dxc4 8.
Bxc4 cxd4 9. exd4 b6 10. Bg5 Bb7 11. Re1 Bxc3 12. bxc3 Nbd7 13. Bd3 Qc7 14.
Rc1 Rfe8 15. Qe2 Rac8 16. Bh4 Qd6 17. Bb5 Bc6 18. Ba6 Ra8 19. Bd3 Rac8 20.
Ba6 Ra8 21. Bd3 Rac8 1/2-1/2

[Event "SM-gruppen"]
[Site "Skara"]
[Date "2002.07.08"]
[Round "8"]
[White "Ernst, Thomas"]
[Black "Wedberg, Tom"]
[Result "1/2-1/2"]
[WhiteElo "2471"]
[BlackElo "2540"]
[Board "7"]
[WhiteCountry "SWE"]
[BlackCountry "SWE"]

1. e4 e5 2. Nf3 Nc6 3. Bb5 Nf6 4. Nc3 Bb4 5. O-O O-O 6. d3 d6 7. Bg5 Bxc3 
8. bxc3 h6 9. Bc1 Ne7 10. Re1 a6 11. Ba4 b5 12. Bb3 c5 13. Nd2 Bb7 14. Bb2
Bc6 15. Qe2 Qd7 16. a3 a5 17. Rf1 Ng6 18. g3 d5 19. exd5 Nxd5 20. f3 Nb6 
21. Qf2 Qd6 22. Rae1 Rab8 23. Ba1 Rb7 24. c4 b4 25. axb4 axb4 26. Ne4 Bxe4
27. Rxe4 f5 28. Re2 Re7 29. Rfe1 Rfe8 30. Bb2 Kh8 1/2-1/2

[Event "SM-gruppen"]
[Site "Skara"]
[Date "2002.07.09"]
[Round "9"]
[White "Åkesson, Ralf"]
[Black "Ernst, Thomas"]
[Result "1-0"]
[WhiteElo "2451"]
[BlackElo "2471"]
[Board "1"]
[WhiteCountry "SWE"]
[BlackCountry "SWE"]

1. Nf3 d5 2. d4 c5 3. c4 cxd4 4. cxd5 Nf6 5. Nxd4 Nxd5 6. e4 Nb4 7. Qa4+ 
N8c6 8. Nxc6 Nxc6 9. Nc3 Bd7 10. Be3 e6 11. Be2 Be7 12. O-O O-O 13. Rfd1 a6
14. Rac1 b5 15. Qc2 Qe8 16. Qd2 Bc8 17. Nxb5 axb5 18. Bxb5 Bb7 19. Qd7 Rxa2
20. Qxb7 Na5 21. Bxe8 Nxb7 22. Rd7 Bf6 23. Rxb7 Rxe8 24. b4 h6 25. b5 Rd8 
26. b6 Bd4 27. Bxd4 Rxd4 28. g3 Rb2 29. Rc8+ Kh7 30. Rxf7 Rxb6 31. Rcc7 1-0

[Event "SM-gruppen"]
[Site "Skara"]
[Date "2002.07.09"]
[Round "9"]
[White "Berg, Emanuel"]
[Black "Agrest, Evgenij"]
[Result "0-1"]
[WhiteElo "2514"]
[BlackElo "2584"]
[Board "2"]
[WhiteCountry "SWE"]
[BlackCountry "SWE"]

1. e4 c5 2. Nf3 d6 3. d4 Nf6 4. Nc3 cxd4 5. Nxd4 a6 6. f4 Nbd7 7. Nf3 e6 8.
Bd3 Nc5 9. Qe2 b5 10. a3 Bb7 11. O-O Be7 12. Kh1 O-O 13. Bd2 d5 14. e5 Nfe4
15. Nd4 f5 16. Bxe4 dxe4 17. Be3 Qc8 18. g4 Nd3 19. gxf5 exf5 20. Qh5 Nxb2
21. Rg1 Kh8 22. Rg6 Qxc3 23. Rg3 Nc4 24. Rag1 Qxe3 25. Rxe3 Nxe3 26. h3 Bd5
27. Rg3 Nf1 28. Rxg7 Kxg7 29. Nxf5+ Rxf5 0-1